000 01008nam a22003257a 4500
003 CHAP
005 20220329135854.0
008 971013s1985 r 00010 d
010 _a43621
011 _a44593
035 _a48731
040 _cCHAP
100 0 0 _aSahagún Castellanos, Jaime.
_9101191
245 _aEfficiency of augmented designs for selection
260 _aAmes, Iowa :
_bThe author,
_c1985
300 _a98 h.
500 _afotocopia
500 _aThesis (Doctor of Philosophy) -- Iowa State University
590 _aBATCH-UPD
_b10
_c20130110
_lUCH01
_h0203
590 _aBATCH-UPD
_b10
_c20130110
_lUCH01
_h2238
590 _aBATCH-UPD
_b10
_c20130410
_lUCH01
_h1533
590 _aBATCH-UPD
_b10
_c20130914
_lUCH01
_h0433
590 _aCONVERSION
_b10
_c20130109
_lUCH01
_h1324
650 1 4 _aAvena
_xGenética.
_98521
650 1 4 _aAvena
_xHíbridos.
_98527
650 1 4 _aAvena
_xMejoramiento.
_98532
901 _aBK
942 _cTESIS
949 _bBC
_cTES
_d-110201
_eTS1
_h19646
_i48731
_si
999 _c43621
_d43621